00342nam a2200133Ia 4500008004100000082001700041100002100058245004900079250000800128260002500136300001100161500002400172650001200196230524s9999 xx 000 0 und d a21.3815bCLI aMichael D.Cilehi 0aAdvanced Digital Design with Verilog HDL(CD) a3RD aNEW DELHIbPHIc2004 aXX;982 aQuantity Number: 1 aComp-Sc